000 01143nam a2200193Ia 4500
005 20240711154835.0
008 220524s9999 xx 000 0 und d
020 _a9781847325945
041 _aeng
082 _a746.92
_bRHO
100 _aRhodes Zandra
_9207880
245 _aVintage Fashion : Collecting And Wearing Designer Classics
260 _bCarlton
_c2010
300 _a223
520 _a• 1900 -29 From the Belle Epoque to the Flapper, Rising Hemlines, Hobble Skirts and the Cocktail Frock • 1930s The Age of Art Deco, Elsa Schiaparelli, Coco Chanel and Hollywood High Glamour • 1940s The World at War, the Utility Wardrobe, America Steps in all Hail the New Look • 1950s Fit or Flounce Silhouettes, Christian Dior and Hubert de Givenchy, a New Luxury • 1960s Swinging London, Space age Design, cut-Outs and Miniskirts, Psychedelia • 1970s Punk Fashions and back to Nature, arts and Crafts revivals, Glam rock and the Disco Era • 1989s Shoulders and Suits, American Tailoring, Puttball Skirts and Mini-Crinis, the Decode of the Body
650 _aVintage Fashion
_9207881
906 _a1043
942 _cBK
999 _c5710
_d5710